书目信息 |
| 题名: |
美国、加拿大农业机械化考察见闻
|
|
| 作者: | ;中国农业机械学会 | |
| 分册: | ||
| 出版信息: | 北京 人民出版社 1978.03 |
|
| 页数: | 128页 | |
| 开本: | 20cm | |
| 丛书名: | ||
| 单 册: | ||
| 中图分类: | S237.12 | |
| 科图分类: | ||
| 主题词: | 农业机械化 | |
| 电子资源: | ||
| ISBN: | ||
| 000 | 00618nam0 2200193 450 | |
| 001 | 0639122135 | |
| 005 | 20060801090416.75 | |
| 010 | @dCNY0.42 | |
| 100 | @a20060725d1978 km y0chiy0120 ea | |
| 101 | 0 | @achi |
| 102 | @aCN@b110000 | |
| 200 | 1 | @a美国、加拿大农业机械化考察见闻@Amei guo、jia na da nong ye ji xie hua kao cha jian wen@f中国农业机械学会@Fzhong guo nong ye ji xie xue hui |
| 210 | @a北京@c人民出版社@d1978.03 | |
| 215 | @a128页@d20cm | |
| 606 | 0 | @a农业机械化 |
| 690 | @aS237.12@v3 | |
| 711 | 0 | @a中国农业机械学会@Azhong guo nong ye ji xie xue hui |
| 801 | 0 | @aCN@bPFT@c20060801 |
| 905 | @a10447@dS237.12@e20 | |
| 美国、加拿大农业机械化考察见闻/中国农业机械学会.-北京:人民出版社,1978.03 |
| 128页;20cm |
| ISBN :CNY0.42 |
| ● |
| 相关链接 |
|
|
|
|
正题名:美国、加拿大农业机械化考察见闻
索取号:S237.12/20
 
预约/预借
| 序号 | 登录号 | 条形码 | 馆藏地/架位号 | 状态 | 备注 |
| 1 | 0438363 | 204383639 | 密集书库/ [索取号:S237.12/20] | 在馆 | |
| 2 | 0439263 | 204392638 | 密集书库/ [索取号:S237.12/20] | 在馆 |